| Поле | Название | Значение |
| |
Тип записи |
a |
| |
Библиографический уровень |
m |
| 001 |
Контрольный номер |
RU/URAIT/566920 |
| 005 |
Дата корректировки |
20260429163642.2 |
| 008 |
Кодируемые данные |
260429s2025 RU y f j 000 0 rus u |
| 020 |
Индекс ISBN |
__ |
| a |
ISBN |
978-5-534-12514-6 |
| c |
Цена, тираж |
649.00 |
| 040 |
Источник каталогиз. |
__ |
| a |
Служба первич. каталог. |
ИКО Юрайт |
| c |
Служба, преобразующая запись |
ИКО Юрайт |
| e |
Правила каталог. |
RCR |
| 041 |
Код языка издания |
__ |
| a |
Код языка текста |
rus |
| 044 |
Код страны публикации |
__ |
| a |
Код страны публикации |
RU |
| 080 |
Индекс УДК |
__ |
| a |
Индекс УДК |
72.034 |
| 084 |
Индекс другой классификации/Индекс ББК |
__ |
| 2 |
Источник индекса |
rubbk |
| a |
Индекс другой классификации/Индекс ББК |
85.113(3) |
| 100 |
Автор |
__ |
| a |
Автор |
Вёльфлин Г. |
| q |
Полное имя |
Вёльфлин Генрих |
| 245 |
Заглавие |
__ |
| a |
Заглавие |
Ренессанс и барокко |
| b |
Продолж. заглавия |
- служебная - для во и спо |
| c |
Ответственность |
Г. Вёльфлин ; переводчик Е. Г. Лундберг, под редакцией А. Л. Волынского. |
| 256 |
Характеристики компьютерного файла |
__ |
| a |
Характеристики компьютерного файла |
Электрон. дан. |
| 260 |
Выходные данные |
__ |
| a |
Место издания |
Москва |
| b |
Издательство |
Юрайт |
| c |
Дата издания |
2025 |
| 300 |
Физическое описание |
__ |
| a |
Объем |
169 с |
| 440 |
Серия |
__ |
| a |
Серия |
Антология мысли |
| 500 |
Примечания |
__ |
| a |
Примечание |
URL: https://urait.ru/bcode/566920 (дата обращения: 29.04.2026). |
| 520 |
Аннотация |
__ |
| a |
Аннотация |
Генрих Вёльфлин — швейцарский искусствовед, профессор университетов в Швейцарии и Германии. С его именем связано становление истории искусства как самостоятельной научной дисциплины. Монография «Ренессанс и барокко», одна из его ранних работ, принесла автору европейскую известность. Вёльфлин стремится исследовать «психологию» эпохи Ренессанса и барокко. Для анализа характерных черт барокко он привлекает большое число образцов европейского архитектурного искусства. Печатается по изданию 1913 года. Для широкого круга читателей. В оформлении обложки использованы репродукции картин: Синьорелли Л. Эмпедокл; Тьеполо Д. Аллегория планет и континентов. |
| 538 |
Прим. о системных особенностях |
__ |
| a |
Прим. о системных особенностях |
Режим доступа: Электронно-библиотечная система Юрайт, для авториз. пользователей |
| 653 |
Ключевые слова |
__ |
| a |
Ключевые слова |
Искусствознание. История искусств |
| 653 |
Ключевые слова |
__ |
| a |
Ключевые слова |
Гуманитарные науки |
| 653 |
Ключевые слова |
__ |
| a |
Ключевые слова |
Введение в историю искусства |
| 653 |
Ключевые слова |
__ |
| a |
Ключевые слова |
Искусство эпохи Возрождения |
| 653 |
Ключевые слова |
__ |
| a |
Ключевые слова |
Всеобщая история искусства |
| 653 |
Ключевые слова |
__ |
| a |
Ключевые слова |
История и теория искусств |
| 653 |
Ключевые слова |
__ |
| a |
Ключевые слова |
История искусства |
| 653 |
Ключевые слова |
__ |
| a |
Ключевые слова |
Основы искусства эпохи Возрождения |
| 653 |
Ключевые слова |
__ |
| a |
Ключевые слова |
История искусств |
| 653 |
Ключевые слова |
__ |
| a |
Ключевые слова |
История пространственных и пластических искусств (живопись, скульптура, дизайн, сценография, архитектура) |
| 653 |
Ключевые слова |
__ |
| a |
Ключевые слова |
Искусство Возрождения |
| 653 |
Ключевые слова |
__ |
| a |
Ключевые слова |
Теория и история искусства |
| 653 |
Ключевые слова |
__ |
| a |
Ключевые слова |
Основы искусствоведения |
| 653 |
Ключевые слова |
__ |
| a |
Ключевые слова |
Введение в искусствознание |
| 653 |
Ключевые слова |
__ |
| a |
Ключевые слова |
Искусствоведение |
| 653 |
Ключевые слова |
__ |
| a |
Ключевые слова |
История и теория искусства |
| 653 |
Ключевые слова |
__ |
| a |
Ключевые слова |
История и теория искусств и дизайна |
| 700 |
Другие авторы |
__ |
| a |
Другие авторы |
Лундберг Е. Г. |
| q |
Полное имя |
Лундберг Евгений Германович |
| 700 |
Другие авторы |
__ |
| a |
Другие авторы |
Волынский А. Л. |
| q |
Полное имя |
Волынский Аким Львович |
| 856 |
Электронный адрес документа |
40 |
| n |
Местонахождение сервера |
Юрайт |
| g |
|
Электронная книга |
| q |
Тип электронного формата |
html |
| h |
Имя пользователя |
ЮРАЙТ |
| v |
Часы доступа к ресурсу |
20271231 |
| 2 |
Способ доступа |
Показать документ |
| x |
Служебное примечание |
https://urait.ru/book/cover/81672E98-72E3-4781-A1BA-822B7AEB6D92 |
| u |
URL |
https://urait.ru/bcode/566920 |
| 856 |
Электронный адрес документа |
48 |
| q |
Тип электронного формата |
cover |
| u |
URL |
https://urait.ru/book/cover/81672E98-72E3-4781-A1BA-822B7AEB6D92 |
| 911 |
|
__ |
| u |
|
0030=https://urait.ru/bcode/566920 |
| 911 |
|
__ |
| u |
|
073a=9785534125146 |
| u |
|
073d=649.00 |
| 911 |
|
__ |
| u |
|
106a=s |
| 911 |
|
__ |
| u |
|
900l= |
| 952 |
Тип литературы |
__ |
| i |
Дисциплина |
Введение в историю искусства |
| 952 |
Тип литературы |
__ |
| i |
Дисциплина |
Искусство эпохи Возрождения |
| 952 |
Тип литературы |
__ |
| i |
Дисциплина |
Всеобщая история искусства |
| 952 |
Тип литературы |
__ |
| i |
Дисциплина |
История и теория искусств |
| 952 |
Тип литературы |
__ |
| i |
Дисциплина |
История искусства |
| 952 |
Тип литературы |
__ |
| i |
Дисциплина |
Основы искусства эпохи Возрождения |
| 952 |
Тип литературы |
__ |
| i |
Дисциплина |
История искусств |
| 952 |
Тип литературы |
__ |
| i |
Дисциплина |
История пространственных и пластических искусств (живопись, скульптура, дизайн, сценография, архитектура) |
| 952 |
Тип литературы |
__ |
| i |
Дисциплина |
Искусство Возрождения |
| 952 |
Тип литературы |
__ |
| i |
Дисциплина |
Теория и история искусства |
| 952 |
Тип литературы |
__ |
| i |
Дисциплина |
Основы искусствоведения |
| 952 |
Тип литературы |
__ |
| i |
Дисциплина |
Введение в искусствознание |
| 952 |
Тип литературы |
__ |
| i |
Дисциплина |
Искусствоведение |
| 952 |
Тип литературы |
__ |
| i |
Дисциплина |
История и теория искусства |
| 952 |
Тип литературы |
__ |
| i |
Дисциплина |
История и теория искусств и дизайна |